[Event "Polanica Zdroj op-B 56th"]
[Site "Polanica Zdroj"]
[Date "2020.08.15"]
[Round "1"]
[White "Mazur, Jan"]
[Black "Rychlik, Bogdan"]
[Result "0-1"]
[WhiteElo "1404"]
[BlackElo "1638"]
[PlyCount "140"]
[EventDate "2020.08.15"]
[EventType "swiss"]
[EventRounds "9"]
[EventCountry "POL"]
[SourceTitle "CBM 198 Extra"]
[Source "ChessBase"]
[SourceDate "2020.11.30"]
[SourceVersion "1"]
[SourceVersionDate "2020.11.30"]
[SourceQuality "1"]

1. d4 d5 2. Nf3 Nf6 3. Bf4 Bf5 4. e3 Nbd7 5. c4 e6 6. Nc3 c6 7. c5 h6 8. Bd3 Be7 9. Bxf5 exf5 10. Qc2 Ne4 11. h3 Ndf6 12. Nd2 Nxd2 13. Qxd2 Ne4 14. Qc2 0-0 15. f3 Bh4+ 16. Ke2 Nxc3+ 17. Qxc3 Re8 18. g3 Bf6 19. Be5 Be7 20. g4 fxg4 21. hxg4 Bf6 22. f4 Bxe5 23. fxe5 Qg5 24. Rag1 f6 25. exf6 Qxf6 26. Rf1 Qg6 27. Rhg1 Re4 28. Rf4 Rxf4 29. exf4 Qe4+ 30. Qe3 Qc2+ 31. Kf3 Qxb2 32. g5 hxg5 33. Rxg5 Qh2 34. Qe6+ Kh8 35. Qg6 Qh3+ 36. Rg3 Qf1+ 37. Kg4 Qe2+ 38. Kg5 Qe7+ 39. Kg4 Kg8 40. Rh3 Qe2+ 41. Kg3 Qe4 42. f5 Re8 43. Qh7+ Kf8 44. Qh8+ Kf7 45. Qh5+ Ke7 46. Qg5+ Kd7 47. Qxg7+ Re7 48. Qg6 Qd3+ 49. Kg4 Qxd4+ 50. Kh5 Qxc5 51. Rg3 Qf2 52. Qg4 Qh2+ 53. Kg6 Qh7+ 54. Kf6 Qh8+ 55. Kg5 Rg7+ 56. Kf4 Rxg4+ 57. Rxg4 Ke7 58. Kg5 Qf6+ 59. Kf4 d4 60. Rg6 Qh4+ 61. Ke5 c5 62. Re6+ Kd7 63. Rg6 Qe7+ 64. Re6 Qg5 65. Rg6 Qe3+ 66. Kd5 d3 67. Rg7+ Ke8 68. f6 Qd4+ 69. Ke6 Qe4+ 70. Kd6 d2 0-1

[Event "Slask-ch Bak Memorial"]
[Site "Chorzow"]
[Date "2016.09.17"]
[Round "1"]
[White "Roskowski, Stanislaw"]
[Black "Rychlik, Bogdan"]
[Result "0-1"]
[WhiteElo "1415"]
[BlackElo "1743"]
[PlyCount "58"]
[EventDate "2016.09.17"]
[EventType "swiss"]
[EventRounds "9"]
[EventCountry "POL"]
[SourceTitle "EXT 2018"]
[Source "ChessBase"]
[SourceDate "2017.10.13"]
[SourceVersion "1"]
[SourceVersionDate "2017.10.13"]
[SourceQuality "1"]

1. d4 d5 2. c4 e6 3. Nc3 Nf6 4. e3 c5 5. dxc5 Bxc5 6. cxd5 exd5 7. Nf3 Nc6 8. Be2 0-0 9. 0-0 Bf5 10. a3 Rc8 11. b4 Bd6 12. Bb2 a6 13. Nd4 Bg6 14. Rc1 Re8 15. Bf3 Ne5 16. Be2 Nc4 17. Nxd5 Nxb2 18. Nxf6+ Qxf6 19. Qd2 Rxc1 20. Rxc1 Na4 21. Bf3 Qe5 22. g3 Be4 23. Qd1 b5 24. Bxe4 Qxe4 25. Nxb5 Bxg3 26. hxg3 axb5 27. Rc7 Qe6 28. Qe2 Qe5 29. Qf3 Qxc7 0-1

[Event "EU-ch rapid"]
[Site "Warsaw"]
[Date "2013.12.14"]
[Round "1"]
[White "Korobov, Anton"]
[Black "Rychlik, Bogdan"]
[Result "1-0"]
[WhiteElo "2713"]
[BlackElo "1796"]
[PlyCount "29"]
[EventDate "2013.12.14"]
[EventType "swiss (rapid)"]
[EventRounds "11"]
[EventCountry "POL"]
[SourceTitle "CBM 157 Extra"]
[Source "ChessBase"]
[SourceDate "2013.12.19"]
[SourceVersion "1"]
[SourceVersionDate "2013.12.19"]
[SourceQuality "1"]

1. d4 d5 2. c4 e6 3. Nc3 Nf6 4. cxd5 exd5 5. Bg5 Be7 6. e3 0-0 7. Bd3 Nbd7 8. Nf3 h6 9. Bf4 c6 10. Qc2 Kh8 11. 0-0 Re8 12. Nb5 Nb6 13. Nc7 Be6 14. Ne5 Bd6 15. Nxe6 1-0

[Event "Krakow op-B 23rd"]
[Site "Krakow"]
[Date "2012.12.31"]
[Round "6"]
[White "Dobrzanska, Joanna"]
[Black "Rychlik, Bogdan"]
[Result "0-1"]
[WhiteElo "1552"]
[BlackElo "1829"]
[PlyCount "60"]
[EventDate "2012.12.27"]
[EventType "swiss"]
[EventRounds "9"]
[EventCountry "POL"]
[SourceTitle "CBM 152 Extra"]
[Source "ChessBase"]
[SourceDate "2013.02.25"]
[SourceVersion "1"]
[SourceVersionDate "2013.02.25"]
[SourceQuality "1"]

1. e4 c5 2. Nf3 a6 3. d4 cxd4 4. Nxd4 Nf6 5. Nc3 e5 6. Nb3 Bb4 7. Bd3 d5 8. exd5 e4 9. Be2 Nxd5 10. 0-0 Nxc3 11. Qxd8+ Kxd8 12. bxc3 Bxc3 13. Rb1 Nc6 14. Rd1+ Kc7 15. Bf4+ Be5 16. Be3 Rd8 17. Nd2 Nd4 18. Bxd4 Rxd4 19. Nb3 Rxd1+ 20. Rxd1 b6 21. Nd2 Bb7 22. Nc4 Re8 23. Nxe5 Rxe5 24. Bc4 f6 25. h3 h5 26. h4 g5 27. hxg5 Rxg5 28. g3 h4 29. Kh2 hxg3+ 30. fxg3 e3 0-1

[Event "Polanica Zdroj op-B 47th"]
[Site "Polanica Zdroj"]
[Date "2011.??.??"]
[Round "9"]
[White "Zielinski, Andrzej"]
[Black "Rychlik, Bogdan"]
[Result "1/2-1/2"]
[WhiteElo "1618"]
[BlackElo "1820"]
[PlyCount "26"]
[EventDate "2011.08.18"]
[EventType "swiss"]
[EventRounds "9"]
[EventCountry "POL"]
[SourceTitle "CBM 144 Extra"]
[Source "ChessBase"]
[SourceDate "2011.10.28"]
[SourceVersion "1"]
[SourceVersionDate "2011.10.28"]
[SourceQuality "1"]

1. d4 d5 2. c4 e6 3. Nc3 Nf6 4. cxd5 exd5 5. h3 h6 6. Bf4 Bd6 7. Bxd6 Qxd6 8. e3 0-0 9. Bd3 a6 10. Nf3 Nc6 11. a3 Re8 12. 0-0 Bd7 13. Qc2 Rac8 1/2-1/2

[Event "Polanica Zdroj op-E 46th"]
[Site "Polanica Zdroj"]
[Date "2010.08.27"]
[Round "9"]
[White "Rychlik, Bogdan"]
[Black "Santura, Janusz"]
[Result "1/2-1/2"]
[WhiteElo "1893"]
[BlackElo "1884"]
[PlyCount "40"]
[EventDate "2010.08.19"]
[EventType "swiss"]
[EventRounds "10"]
[EventCountry "POL"]
[SourceTitle "CBM 138 Extra"]
[Source "ChessBase"]
[SourceDate "2010.10.29"]
[SourceVersion "1"]
[SourceVersionDate "2010.10.29"]
[SourceQuality "1"]

1. e4 c6 2. Nc3 d5 3. Nf3 Bg4 4. Be2 e6 5. 0-0 Nf6 6. d3 Be7 7. h3 Bxf3 8. Bxf3 0-0 9. d4 dxe4 10. Nxe4 Nbd7 11. Bg5 Nxe4 12. Bxe7 Qxe7 13. Bxe4 Nf6 14. Bd3 Rfd8 15. c3 Rd7 16. Qc2 Rad8 17. Rad1 g6 18. Rfe1 Nd5 19. Be4 Nf4 20. Bf3 Qf6 1/2-1/2

[Event "Polanica Zdroj op-E 46th"]
[Site "Polanica Zdroj"]
[Date "2010.08.20"]
[Round "2"]
[White "Koc, Wladyslaw"]
[Black "Rychlik, Bogdan"]
[Result "1-0"]
[WhiteElo "2182"]
[BlackElo "1893"]
[PlyCount "53"]
[EventDate "2010.08.19"]
[EventType "swiss"]
[EventRounds "10"]
[EventCountry "POL"]
[SourceTitle "CBM 138 Extra"]
[Source "ChessBase"]
[SourceDate "2010.10.29"]
[SourceVersion "1"]
[SourceVersionDate "2010.10.29"]
[SourceQuality "1"]

1. e4 c5 2. Nf3 d6 3. d4 cxd4 4. Nxd4 Nf6 5. Nc3 a6 6. Be2 e6 7. 0-0 Be7 8. Bf3 Nbd7 9. g3 Qc7 10. Bg2 0-0 11. f4 Rb8 12. a4 b6 13. e5 dxe5 14. Nc6 Bc5+ 15. Kh1 Rb7 16. fxe5 Nxe5 17. Bf4 Nfd7 18. Ne4 Kh8 19. b4 f5 20. bxc5 fxe4 21. Nxe5 Nxe5 22. Bxe5 Rxf1+ 23. Qxf1 Qxc5 24. Rd1 Qe7 25. Bxe4 Rd7 26. Rxd7 Bxd7 27. Qh3 1-0

[Event "Polanica Zdroj op-E 46th"]
[Site "Polanica Zdroj"]
[Date "2010.08.19"]
[Round "1"]
[White "Rychlik, Bogdan"]
[Black "Zarow, Elzbieta"]
[Result "1-0"]
[WhiteElo "1893"]
[BlackElo "1510"]
[PlyCount "71"]
[EventDate "2010.08.19"]
[EventType "swiss"]
[EventRounds "10"]
[EventCountry "POL"]
[SourceTitle "CBM 138 Extra"]
[Source "ChessBase"]
[SourceDate "2010.10.29"]
[SourceVersion "1"]
[SourceVersionDate "2010.10.29"]
[SourceQuality "1"]

1. e4 e5 2. Nf3 Nc6 3. Bc4 Be7 4. 0-0 h6 5. c3 Nf6 6. Re1 0-0 7. d4 d6 8. h3 a6 9. a4 Na5 10. Ba2 b6 11. dxe5 dxe5 12. Qxd8 Rxd8 13. Nxe5 Be6 14. Bxe6 fxe6 15. Nd2 Bd6 16. Nec4 Nxc4 17. Nxc4 e5 18. f3 Nd7 19. Be3 Re8 20. Red1 Re6 21. Rd2 Nc5 22. Bxc5 Bxc5+ 23. Kf1 a5 24. Rad1 Rc8 25. Rd5 Rce8 26. Rd7 R6e7 27. Rxe7 Rxe7 28. Rd5 Bd6 29. Nxd6 cxd6 30. Rxd6 Rb7 31. Rd5 Kf7 32. Rxe5 g5 33. c4 Rd7 34. Rd5 Rb7 35. Ke2 Ke6 36. Kd3 1-0

[Event "Kowalewo Pomorskie op-B 17th"]
[Site "Kowalewo Pomorskie"]
[Date "2010.07.06"]
[Round "3"]
[White "Rychlik, Bogdan"]
[Black "Paczka, Patryk"]
[Result "0-1"]
[WhiteElo "1893"]
[BlackElo "1702"]
[PlyCount "40"]
[EventDate "2010.07.04"]
[EventType "swiss"]
[EventRounds "9"]
[EventCountry "POL"]
[SourceTitle "EXT 2011"]
[Source "ChessBase"]
[SourceDate "2010.11.26"]
[SourceVersion "1"]
[SourceVersionDate "2010.11.26"]
[SourceQuality "1"]

1. e4 c5 2. Nf3 d6 3. d4 cxd4 4. Nxd4 Nf6 5. Nc3 a6 6. Bg5 e6 7. f4 Be7 8. Qf3 0-0 9. 0-0-0 Qc7 10. Bd3 Nc6 11. Nb3 b5 12. e5 dxe5 13. fxe5 Nd5 14. Bxe7 Ncxe7 15. Nxd5 Nxd5 16. Rhe1 Bb7 17. Qf2 Rac8 18. Rd2 Qe7 19. Kb1 Rfd8 20. Be4 Rc4 0-1

[Event "Chorzow op"]
[Site "Chorzow"]
[Date "2010.03.23"]
[Round "4"]
[White "Mulet, Piotr"]
[Black "Rychlik, Bogdan"]
[Result "1-0"]
[WhiteElo "2352"]
[BlackElo "1906"]
[PlyCount "75"]
[EventDate "2010.03.20"]
[EventType "swiss"]
[EventRounds "9"]
[EventCountry "POL"]
[SourceTitle "EXT 2012"]
[Source "ChessBase"]
[SourceDate "2011.11.24"]
[SourceVersion "1"]
[SourceVersionDate "2011.11.24"]
[SourceQuality "1"]

1. e4 c5 2. Nf3 Nc6 3. c3 d6 4. d4 Nf6 5. d5 Ne5 6. Nxe5 dxe5 7. f3 e6 8. Bb5+ Bd7 9. Bxd7+ Qxd7 10. dxe6 Qxe6 11. Be3 Be7 12. Qe2 0-0 13. c4 Rfd8 14. Nc3 Rac8 15. 0-0 Rd7 16. Rac1 a6 17. b3 h6 18. Rc2 Bf8 19. Rfc1 Kh7 20. Nd5 Ne8 21. Rd1 Rcd8 22. Rcd2 Qc6 23. a4 Nc7 24. Nxc7 Rxd2 25. Rxd2 Rxd2 26. Qxd2 Qxc7 27. Qd5 f6 28. Kf2 Be7 29. h4 h5 30. Qf7 Qd8 31. Qxh5+ Kg8 32. Qg6 f5 33. Qxf5 Bxh4+ 34. Ke2 Bf6 35. g4 Qc7 36. g5 Bd8 37. g6 Bf6 38. Qe6+ 1-0

[Event "Chorzow op"]
[Site "Chorzow"]
[Date "2010.03.20"]
[Round "1"]
[White "Rychlik, Bogdan"]
[Black "Slawski, Kazimierz"]
[Result "1-0"]
[WhiteElo "1906"]
[BlackElo "2500"]
[PlyCount "101"]
[EventDate "2010.03.20"]
[EventType "swiss"]
[EventRounds "9"]
[EventCountry "POL"]
[SourceTitle "EXT 2012"]
[Source "ChessBase"]
[SourceDate "2011.11.24"]
[SourceVersion "1"]
[SourceVersionDate "2011.11.24"]
[SourceQuality "1"]

1. e4 c5 2. Nf3 d6 3. d4 cxd4 4. Nxd4 Nf6 5. Nc3 a6 6. Bg5 Nbd7 7. f4 Qa5 8. a3 Nxe4 9. Nb3 Nxc3 10. Nxa5 Nxd1 11. Rxd1 f6 12. Bh4 e5 13. fxe5 Nxe5 14. h3 b6 15. Nc4 Nxc4 16. Bxc4 Bb7 17. 0-0 0-0-0 18. Bf2 Kc7 19. Rfe1 d5 20. Bg3+ Kc8 21. Bd3 Bc5+ 22. Kh1 g6 23. Re6 Rhe8 24. Rde1 Rxe6 25. Rxe6 f5 26. c3 Kd7 27. Re1 Re8 28. Rd1 Re3 29. Bf4 Re8 30. Bc4 Bd6 31. Bxd5 Re1+ 32. Rxe1 Bxd5 33. Bxd6 Kxd6 34. Rd1 b5 35. Kg1 Ke5 36. Kf2 h5 37. h4 Bb3 38. Rd8 a5 39. g3 a4 40. Ke3 Bc4 41. Re8+ Kf6 42. Kf4 Kf7 43. Rc8 Bd3 44. Kg5 Ke6 45. Rd8 Bb1 46. Rd1 Bc2 47. Rd2 Bb1 48. Kxg6 f4+ 49. Kxh5 fxg3 50. Kg4 g2 51. Rxg2 1-0

[Event "Polanica Zdroj op Seniors 45th"]
[Site "Polanica Zdroj"]
[Date "2009.08.23"]
[Round "5"]
[White "Rychlik, Bogdan"]
[Black "Dulinski, Stanislaw"]
[Result "1-0"]
[WhiteElo "1939"]
[BlackElo "1807"]
[PlyCount "89"]
[EventDate "2009.08.18"]
[EventType "swiss"]
[EventRounds "9"]
[EventCountry "POL"]
[SourceTitle "EXT 2012"]
[Source "ChessBase"]
[SourceDate "2011.11.24"]
[SourceVersion "1"]
[SourceVersionDate "2011.11.24"]
[SourceQuality "1"]

1. e4 e5 2. Nf3 Nc6 3. Bb5 d6 4. d4 Bd7 5. c3 a6 6. Ba4 Nf6 7. Bg5 Be7 8. Nbd2 h6 9. Bh4 0-0 10. 0-0 Bg4 11. d5 Nb8 12. Re1 c5 13. Nf1 b5 14. Bc2 Nbd7 15. Ne3 Bh5 16. Nf5 Kh7 17. h3 g5 18. Bg3 Rg8 19. Nxe7 Qxe7 20. a4 g4 21. hxg4 Bxg4 22. axb5 axb5 23. Qd3 c4 24. Qe3 Nh5 25. Rxa8 Rxa8 26. Bh4 f6 27. Nh2 Rg8 28. Kh1 Nc5 29. Nxg4 Rxg4 30. Qh3 Rg6 31. g3 Ng7 32. f4 Ne8 33. Qf5 Qb7 34. Qh5 Qd7 35. f5 Rg8 36. Ra1 Qb7 37. g4 Qg7 38. Rg1 Kh8 39. g5 fxg5 40. Rxg5 Qh7 41. Rxg8+ Qxg8 42. Qxh6+ Qh7 43. Qg5 Qg7 44. Qh5+ Kg8 45. Qxe8+ 1-0

[Event "Chorzow op 45th"]
[Site "Chorzow"]
[Date "2009.04.03"]
[Round "7"]
[White "Rychlik, Bogdan"]
[Black "Noga, Jozef"]
[Result "0-1"]
[WhiteElo "1927"]
[BlackElo "2030"]
[PlyCount "120"]
[EventDate "2009.03.28"]
[EventType "swiss"]
[EventRounds "9"]
[EventCountry "POL"]
[SourceTitle "CBM 129 Extra"]
[Source "ChessBase"]
[SourceDate "2009.05.05"]
[SourceVersion "2"]
[SourceVersionDate "2009.05.20"]
[SourceQuality "1"]

1. e4 d5 2. exd5 Qxd5 3. Nc3 Qd6 4. d4 Nf6 5. Nf3 a6 6. a4 Bg4 7. h3 Bxf3 8. Qxf3 Nc6 9. Be3 e6 10. Bc4 0-0-0 11. 0-0-0 Be7 12. Bf4 Qb4 13. Bxa6 Qb6 14. d5 exd5 15. Be2 Nd4 16. Rxd4 Qxd4 17. Bxc7 Rd7 18. Rd1 Qc5 19. Bg3 Bd6 20. Bb5 Rdd8 21. Bh4 d4 22. Ne4 Qd5 23. Nxf6 Qxf3 24. gxf3 Be7 25. Bd7+ Kb8 26. Bg3+ Ka7 27. Bc7 Bxf6 28. Bxd8 Rxd8 29. Bf5 Kb6 30. Rd3 Kc7 31. Kb1 Ra8 32. b3 Re8 33. Be4 g6 34. Bd5 Re7 35. f4 Kd6 36. Bf3 Kc5 37. Ka2 b5 38. axb5 Kxb5 39. Bd5 Kc5 40. Bc4 Re2 41. Kb2 Rxf2 42. Bxf7 Rxf4 43. Be6 Re4 44. Bc8 h5 45. Ka3 Re1 46. b4+ Kb5 47. Bd7+ Kc4 48. b5 Be7+ 49. Ka2 Bd8 50. Rb3 Re2 51. Kb1 Bb6 52. Rg3 Re1+ 53. Ka2 Ba5 54. Rxg6 Bc3 55. Rc6+ Kb4 56. Rxc3 Kxc3 57. b6 Re2 58. Ba4 Re6 59. b7 Rb6 60. Bc6 Kxc2 0-1

[Event "Chorzow op 45th"]
[Site "Chorzow"]
[Date "2009.04.02"]
[Round "6"]
[White "Kazek, Krzysztof"]
[Black "Rychlik, Bogdan"]
[Result "1/2-1/2"]
[WhiteElo "2029"]
[BlackElo "1927"]
[PlyCount "108"]
[EventDate "2009.03.28"]
[EventType "swiss"]
[EventRounds "9"]
[EventCountry "POL"]
[SourceTitle "CBM 129 Extra"]
[Source "ChessBase"]
[SourceDate "2009.05.05"]
[SourceVersion "2"]
[SourceVersionDate "2009.05.20"]
[SourceQuality "1"]

1. d4 d5 2. c4 e6 3. Nc3 c5 4. cxd5 exd5 5. e3 Nf6 6. Nf3 Nc6 7. Bb5 a6 8. Bxc6+ bxc6 9. Ne5 Qc7 10. Qa4 Bd7 11. Nxd7 Nxd7 12. 0-0 Bd6 13. g3 0-0 14. b3 a5 15. dxc5 Be5 16. Bb2 Nxc5 17. Qg4 Nd3 18. Qe2 Nxb2 19. Qxb2 Rfb8 20. Qc2 a4 21. bxa4 Bxc3 22. Qxc3 Rxa4 23. Rfc1 Rb6 24. Qc5 Qd8 25. Rab1 Rc4 26. Qa5 Rxc1+ 27. Rxc1 Qb8 28. Qc5 Qb7 29. Kg2 h6 30. Rc3 Ra6 31. Rb3 Qc7 32. Rc3 Qe5 33. Ra3 Rxa3 34. Qxa3 Qe4+ 35. Kg1 Qc4 36. Qa8+ Kh7 37. Qe8 Qxa2 38. Qxc6 Qa1+ 39. Kg2 Qe5 40. h4 g6 41. Qb7 Kg7 42. Qc6 Qe4+ 43. Kg1 g5 44. hxg5 hxg5 45. Qd6 f6 46. Qd7+ Kg6 47. Qc8 Kh5 48. Qh3+ Kg6 49. Qc8 Qf3 50. Qg8+ Kf5 51. Qc8+ Ke4 52. Qc2+ Ke5 53. Qc3+ Kf5 54. Qc8+ Ke5 1/2-1/2

[Event "Chorzow op 45th"]
[Site "Chorzow"]
[Date "2009.03.31"]
[Round "4"]
[White "Rychlik, Bogdan"]
[Black "Sroka, Janusz"]
[Result "1-0"]
[WhiteElo "1927"]
[BlackElo "2109"]
[PlyCount "94"]
[EventDate "2009.03.28"]
[EventType "swiss"]
[EventRounds "9"]
[EventCountry "POL"]
[SourceTitle "CBM 129 Extra"]
[Source "ChessBase"]
[SourceDate "2009.05.05"]
[SourceVersion "2"]
[SourceVersionDate "2009.05.20"]
[SourceQuality "1"]

1. e4 e5 2. Nf3 d6 3. d4 Nd7 4. Bc4 c6 5. a4 Be7 6. Nbd2 Ngf6 7. c3 0-0 8. 0-0 b6 9. Qe2 a6 10. Re1 Bb7 11. Bb3 b5 12. Nf1 c5 13. d5 c4 14. Bc2 Nc5 15. Ng3 g6 16. h3 Re8 17. Nh2 Bf8 18. Ng4 Nxg4 19. Qxg4 Bc8 20. Qe2 Bd7 21. axb5 Bxb5 22. Qg4 Bg7 23. Be3 Qc7 24. Nf1 Rf8 25. Reb1 Rab8 26. f4 exf4 27. Bxf4 Rfe8 28. Qg3 Be5 29. Nd2 Qe7 30. Bxe5 dxe5 31. Rf1 Nd7 32. Rf2 Nf6 33. Qe3 Nh5 34. g3 Rf8 35. Raf1 Qc7 36. Bd1 Ng7 37. g4 Rbc8 38. Qh6 Qc5 39. Kg2 Rb8 40. Nf3 f6 41. Nh4 Qe7 42. g5 fxg5 43. Rxf8+ Rxf8 44. Rxf8+ Kxf8 45. Nf3 g4 46. hxg4 Bd7 47. Ng5 Kg8 1-0

[Event "Polanica Zdroj op Seniors 44th"]
[Site "Polanica Zdroj"]
[Date "2008.08.23"]
[Round "5.1"]
[White "Zoltek, Tadeusz"]
[Black "Rychlik, Bogdan"]
[Result "1-0"]
[WhiteElo "2218"]
[BlackElo "1900"]
[PlyCount "79"]
[EventDate "2008.08.19"]
[EventType "swiss"]
[EventRounds "9"]
[EventCountry "POL"]
[SourceTitle "EXT 2023"]
[Source "ChessBase"]
[SourceDate "2022.10.05"]
[SourceVersion "1"]
[SourceVersionDate "2022.10.05"]
[SourceQuality "1"]

1. Nf3 d5 2. d4 Nf6 3. c4 e6 4. Nc3 Be7 5. Bg5 h6 6. Bxf6 Bxf6 7. cxd5 exd5 8. e3 b6 9. Rc1 0-0 10. Bd3 Bb7 11. Bb1 Nd7 12. Qc2 Re8 13. Nb5 a6 14. Nxc7 Rc8 15. Nxe8 Rxc2 16. Nxf6+ Nxf6 17. Bxc2 Ne4 18. 0-0 g5 19. Bxe4 dxe4 20. Ne5 Kg7 21. Rc3 f6 22. Nc6 Qd6 23. Rfc1 Kg6 24. h3 h5 25. a3 h4 26. Ne7+ Qxe7 27. Rc7 Qe8 28. Rxb7 g4 29. Rcc7 gxh3 30. Rg7+ Kf5 31. gxh3 Qb5 32. Rg4 Qxb2 33. a4 Qb3 34. Rxh4 Qb1+ 35. Kg2 Qd1 36. Rf4+ Kg5 37. Rxb6 Qxa4 38. Rfxf6 a5 39. Kg3 Qe8 40. h4+ 1-0

[Event "Polanica Zdroj op Seniors 44th"]
[Site "Polanica Zdroj"]
[Date "2008.08.22"]
[Round "4.2"]
[White "Rychlik, Bogdan"]
[Black "Drazek, Wladyslaw"]
[Result "1/2-1/2"]
[WhiteElo "1900"]
[BlackElo "2019"]
[PlyCount "82"]
[EventDate "2008.08.19"]
[EventType "swiss"]
[EventRounds "9"]
[EventCountry "POL"]
[SourceTitle "EXT 2023"]
[Source "ChessBase"]
[SourceDate "2022.10.05"]
[SourceVersion "1"]
[SourceVersionDate "2022.10.05"]
[SourceQuality "1"]

1. e4 e5 2. Nf3 Nc6 3. Bc4 Nf6 4. d3 Bc5 5. c3 d6 6. 0-0 0-0 7. Bg5 h6 8. Bh4 Bg4 9. Nbd2 g5 10. Bg3 Nh5 11. Kh1 Nf4 12. Bxf4 gxf4 13. a4 a5 14. Qb3 Rb8 15. Rab1 Qf6 16. Qc2 Kg7 17. h3 Bd7 18. Nb3 Bb6 19. Rbd1 Ne7 20. Nc1 c5 21. Ne2 Nc6 22. Bb5 Rbc8 23. Qd2 Be6 24. Bxc6 bxc6 25. d4 Rfd8 26. Qc2 Bc4 27. dxe5 dxe5 28. Rxd8 Rxd8 29. Rd1 Bc7 30. Nc1 Qe7 31. Rxd8 Qxd8 32. Qd2 Qxd2 33. Nxd2 Be6 34. c4 f3 35. gxf3 Bxh3 36. Nd3 f6 37. Nxc5 Bb6 38. Nd3 Be6 39. Kg2 Kf7 40. Kg3 Bd4 41. b3 Ke7 1/2-1/2